| 000 | 01336cam a2200229 4500 | ||
|---|---|---|---|
| 001 | ABS63980 | ||
| 008 | 000000n2001 000 0 eng u | ||
| 035 | _a(Sirsi) u112810 | ||
| 100 | _aBingham, T | ||
| 245 | _aYour word against mine | ||
| 260 | _c2001 | ||
| 490 |
_aBuilding _v266(8185) 18 May 2001, 58-59(2) |
||
| 520 | _aConsiders the argument that engineers can deal with disputes without appointing an outside adjudicator, by calling a dispute a 'matter of dissatisfaction'. The ICE standard form document does allow for dispute resolution and the decision of an ICE adjudictor is enforceable due to the law of contract. However, this does not prevent either party from calling for an adjudicator under the Construction Act 1996 at any time, to avoid the ICE's one month time period. Also explains the problem of ambushes which occur when one party calls in an adjudictor before a dispute has fully matured. | ||
| 590 | _aABS | ||
| 650 | _aINSTITUTION OF CIVIL ENGINEERS | ||
| 650 | _aHOUSING GRANTS, CONSTRUCTION AND REGENERATION ACT 1996 | ||
| 650 | _aMANAGEMENT-DISPUTE AVOIDANCE, MANAGEMENT AND RESOLUTION-DISPUTE MANAGEMENT AND RESOLUTION-ALTERNATIVE DISPUTE RESOLUTION-ADJUDICATION | ||
| 650 | _aCONSTRUCTION DISPUTES | ||
| 650 | _aICE FORM OF CONTRACT | ||
| 690 |
_aDispute resolution _96236 |
||
| 942 | _n0 | ||
| 999 |
_c67155 _d67155 |
||